Money, banking, and financial markets
Salvato in:
| Autore principale: | |
|---|---|
| Natura: | Libro |
| Lingua: | inglese |
| Pubblicazione: |
New York
Macmillan Publ. Co., Inc.
1982
|
| Soggetti: | |
| Tags: |
Nessun Tag, puoi essere il primo ad aggiungerne!!
|
MARC
| LEADER | 00000nam a2200000 4500 | ||
|---|---|---|---|
| 001 | c101109 | ||
| 005 | 20221123135552.4 | ||
| 020 | |a 0-02-304670-8 | ||
| 041 | 0 | |a eng | |
| 044 | |a US | ||
| 245 | 1 | 0 | |a Money, banking, and financial markets |c Robert D. Auerbach |
| 264 | 1 | |a New York |b Macmillan Publ. Co., Inc. |c 1982 | |
| 300 | |a 498 s. | ||
| 610 | 2 | 0 | |a peniaze |
| 610 | 2 | 0 | |a bankovníctvo |
| 610 | 2 | 0 | |a trh finančný |
| 610 | 2 | 0 | |a kurz menový |
| 610 | 2 | 0 | |a politika finančná |
| 610 | 2 | 0 | |a politika peňažná |
| 610 | 2 | 0 | |a kurz devízový |
| 610 | 2 | 0 | |a kurz valutový |
| 610 | 2 | 0 | |a kurz výmenný |
| 100 | 1 | |a Auerbach, Robert D. | |